Marie Curie : Người đến với miền đất khoa học chưa được khám phá
Nội dung bộ sách Truyền kỳ về các danh nhân
Gespeichert in:
| 1. Verfasser: | |
|---|---|
| Format: | Buch |
| Sprache: | Undetermined |
| Veröffentlicht: |
Thành phố Hồ Chí Minh
Nxb. Đại học Sư phạm Thành phố Hồ Chí Minh
2012
|
| Schlagworte: | |
| Tags: |
Tag hinzufügen
Keine Tags, Fügen Sie den ersten Tag hinzu!
|
| Thư viện lưu trữ: | Trung tâm Học liệu Trường Đại học Cần Thơ |
|---|
| LEADER | 00836nam a2200229Ia 4500 | ||
|---|---|---|---|
| 001 | CTU_196994 | ||
| 008 | 210402s9999 xx 000 0 und d | ||
| 020 | |c 36000 | ||
| 082 | |a 895.922802 | ||
| 082 | |b M600 | ||
| 100 | |a Vũ, Thị Mỹ | ||
| 245 | 0 | |a Marie Curie : | |
| 245 | 0 | |b Người đến với miền đất khoa học chưa được khám phá | |
| 245 | 0 | |c Vũ Thị Mỹ (chủ biên), Trần Thiên Tú | |
| 260 | |a Thành phố Hồ Chí Minh | ||
| 260 | |b Nxb. Đại học Sư phạm Thành phố Hồ Chí Minh | ||
| 260 | |c 2012 | ||
| 520 | |a Nội dung bộ sách Truyền kỳ về các danh nhân | ||
| 650 | |a Celebrities,Danh nhân | ||
| 650 | |x Biography,Tiểu sử | ||
| 904 | |i Nguyên | ||
| 980 | |a Trung tâm Học liệu Trường Đại học Cần Thơ | ||